| 000 | 00832cam a22002651i 4500 | ||
|---|---|---|---|
| 001 | 1703572 | ||
| 003 | EG-ScBUE | ||
| 005 | 20230619135131.0 | ||
| 008 | 700928t1968 nyu f b 001 0 eng d | ||
| 040 |
_aDLC _beng _erda _cDLC _dDLC _dEG-ScBUE |
||
| 082 | 0 | 4 |
_a901 _222 _bDUR |
| 100 | 1 |
_aDurant, Will, _d1885-1981, _eauthor. _99982 |
|
| 245 | 1 | 4 |
_aThe lessons of history / _cby Will and Ariel Durant. |
| 264 | 1 |
_aNew York : _bSimon and Schuster, _c[1968] |
|
| 264 | 4 | _cc1968 | |
| 300 |
_a117 pages ; _c26 cm |
||
| 336 |
_2rdacontent _atext _btxt |
||
| 337 |
_2rdamedia _aunmediated _bn |
||
| 338 |
_2rdacarrier _avolume _bnc |
||
| 504 | _aIncludes bibliographical references and index. | ||
| 650 | 7 |
_aHistory _xPhilosophy. _2BUEsh _99983 |
|
| 655 | _vReading book | ||
| 700 | 1 |
_aDurant, Ariel, _ejoint author. _99984 |
|
| 942 |
_2ddc _cBB |
||
| 999 |
_c13046 _d13046 |
||